00809nam a22001935i 4500001000700000003000900007005001700016008004100033080001200074100003400086245017700120260014700297300002000444500002700464504002800491650002500519710003000544852004100574178659ES-MaACL20230906220600.0110610s1971 sp |||| | spa d a616.1321 aIriarte Ezkurdia, M. María.10aCorrelación clínico-hemodinámica en la estenosis aórtica / cresumen de la tesis presentada para aspirar al grado de doctor en medicina por Miguel Iriarte Ezcurdia. aBarcelona : bUniversidad de Barcelona, Secretariado de Publicaciones, Intercambio Científico y Extensión Universitaria : bIvern, c1971. a9 p. ; c24 cm. aCub. tomada como port. aBibliografía: p. 7-9.04aEstenosis aórtica.2 aUniversidad de Barcelona. aES-MaACLjE-15361 (66) xOlim P-1374